عرض عادي عرض مارك
  • تحليل الخطاب

دخول Topical Term

عدد التسجيلات المستخدمة: 1

001 - CONTROL NUMBER

  • control field: 29474

003 - CONTROL NUMBER IDENTIFIER

  • control field: AE-AdECS

005 - DATE AND TIME OF LATEST TRANSACTION

  • control field: 20260501103237.0

008 - FIXED-LENGTH DATA ELEMENTS

  • fixed length control field: 260501|| aca||aabn | a|a d

040 ## - CATALOGING SOURCE

  • Original cataloging agency: AE-AdECS
  • Transcribing agency: AE-AdECS

150 ## - HEADING--TOPICAL TERM

  • Topical term or geographic name entry element: تحليل الخطاب
  • Geographic subdivision: الولايات المتحدة الأمريكية

670 ## - SOURCE DATA FOUND

  • Source citation: Work cat.: (AE-AdECS)294958: الزناتي، سمر خلف الله مؤلف. 29471, ترامب وبايدن :

أبوظبي، الإمارات العربية المتحدة

reference@ecssr.ae

97124044780 +

حقوق النشر © 2026 مركز الإمارات للدراسات والبحوث الاستراتيجية جميع الحقوق محفوظة